书目信息 |
| 题名: |
工程经济学
|
|
| 作者: | 武献华 , 石振武 编著 | |
| 分册: | ||
| 出版信息: | 北京 科学出版社 2006 |
|
| 页数: | 10,223页 | |
| 开本: | 26cm | |
| 丛书名: | ||
| 单 册: | ||
| 中图分类: | F403.7 | |
| 科图分类: | ||
| 主题词: | 工程经济学--高等学校--教材 , 工程经济学 | |
| 电子资源: | ||
| ISBN: | 7-03-017807-6 | |
| 000 | 00984nam0 2200265 450 | |
| 001 | 070730000949 | |
| 005 | 20071015145935.60 | |
| 010 | @a7-03-017807-6@dCNY20.00 | |
| 035 | @a003263458 | |
| 100 | @a20060104d2006 em y0chiy0110 ea | |
| 101 | 0 | @achi |
| 102 | @aCN@b110000 | |
| 105 | @ay z 000yy | |
| 200 | 1 | @a工程经济学@Agong cheng jing ji xue@f武献华,石振武编著 |
| 210 | @a北京@c科学出版社@d2006 | |
| 215 | @a10,223页@d26cm | |
| 300 | @a全国普通高等院校工程管理专业实用创新型系列规划教材 中国科学院教材建设专家委员会教材建设立项项目 | |
| 330 | @a本书的内容主要是围绕项目方案的比选和评价展开。书中除了阐述一般的资金时间价值、项目的财务评价、资金成本、多方案比选、不确定性分析等基本内容以外,还介绍了近年来学术研究的成果和国家相关政策。 | |
| 606 | 0 | @a工程经济学@x高等学校@j教材 |
| 606 | 0 | @a工程经济学 |
| 690 | @aF403.7@v4 | |
| 701 | 0 | @a武献华@Awu xian hua@f(1955.8~)@4编著 |
| 701 | 0 | @a石振武@Ashi zhen wu@4编著 |
| 801 | 0 | @aCN@c20071015 |
| 905 | @dF403.7@eW986 | |
| 工程经济学/武献华,石振武编著.-北京:科学出版社,2006 |
| 10,223页;26cm |
| 全国普通高等院校工程管理专业实用创新型系列规划教材 中国科学院教材建设专家委员会教材建设立项项目 |
| ISBN 7-03-017807-6:CNY20.00 |
| 本书的内容主要是围绕项目方案的比选和评价展开。书中除了阐述一般的资金时间价值、项目的财务评价、资金成本、多方案比选、不确定性分析等基本内容以外,还介绍了近年来学术研究的成果和国家相关政策。 |
| ● |
| 相关链接 |
|
|
|
正题名:工程经济学
索取号:F403.7/W986
 
预约/预借
| 序号 | 登录号 | 条形码 | 馆藏地/架位号 | 状态 | 备注 |
| 1 | 652330 | 206523305 | 社科库409/409社科库 33排7列2层/ [索取号:F403.7/W986] | 在馆 |